000
00320nam a22001337a 4500
008
160518b xxu||||| |||| 00| 0 eng d
020
_a
9780781751155
020
_a
9780781751155
020
_a
0781751152
041
_a
eng
080
_a
618.2
245
_a
Essentias of pediatric nursing:
_c
Terri Kyle;
942
_2
udc
_c
BK
999
_c
2183
_d
2183